미국에서 가장 큰 도시권들 - Statistics

General Stats
  • This quiz has been taken 3 times
  • The average score is 58 of 100
Answers on the Map
Answers color-coded by a green-red scale on the quiz's map according to % correct below.
 
Answer Stats
인구 도시권 % Correct
19,940,274 뉴욕시티
100%
12,927,614 로스앤젤레스
100%
9,408,576 시카고
100%
8,344,032 댈러스
100%
7,796,182 휴스턴
100%
6,457,988 마이애미
100%
6,411,149 애틀랜타
100%
6,330,422 필라델피아
100%
5,186,958 피닉스
100%
5,025,517 보스턴
100%
4,400,578 디트로이트
100%
4,145,494 시애틀
100%
3,052,498 덴버
100%
2,940,513 올랜도
100%
2,883,370 샬럿
100%
2,763,006 샌안토니오
100%
2,463,127 새크라멘토
100%
2,398,871 라스베가스
100%
2,174,833 인디애나폴리스
100%
2,171,877 클리블랜드
100%
1,574,452 밀워키
100%
1,497,821 오클라호마시티
100%
1,339,345 멤피스
100%
6,436,789 워싱턴DC
100%
4,744,214 샌프란시스코
67%
3,757,952 미네아폴리스
67%
3,424,560 탬파
67%
3,298,799 샌디에고
67%
2,859,024 볼티모어
67%
2,811,927 세인트루이스
67%
2,550,637 오스틴
67%
2,512,850 포틀랜드
67%
2,429,917 피츠버그
67%
2,302,815 신시내티
67%
2,253,579 캔자스시티
67%
2,225,377 콜럼버스
67%
2,150,553 내슈빌
67%
1,794,278 버지니아비치
67%
1,760,548 잭슨빌
67%
1,394,234 루이빌
67%
1,370,165 리치먼드
67%
1,300,762 솔트레이크시티
67%
1,192,583 버밍햄
67%
1,189,557 프레스노
67%
1,160,172 버팔로
67%
1,080,149 투손
67%
1,001,010 오마하
67%
996,680 그린빌
67%
966,230 뉴올리언스
67%
957,608 녹스빌
67%
926,303 앨버커키
67%
922,529 베이커스필드
67%
913,485 올버니
67%
879,392 엘파소
67%
870,193 콜럼비아
67%
753,913 디모인
67%
636,760 오거스타
67%
606,178 잭슨
67%
604,962 스포캔
67%
576,718 뉴헤이븐
67%
4,744,214 리버사이드
33%
1,995,484 새너제이
33%
1,700,901 프로비던스
33%
1,562,009 롤리
33%
1,178,826 그랜드래피즈
33%
1,169,048 하트퍼드
33%
1,059,803 털사
33%
1,057,218 로체스터
33%
998,747 호놀룰루
33%
934,956 노스포트
33%
914,820 매컬런
33%
881,248 우스터
33%
869,940 찰스턴
33%
860,959 케이프코럴
33%
845,877 보이스
33%
835,427 옥스나드
33%
821,740 데이턴
33%
816,108 스톡턴
33%
800,722 그린즈보로
33%
777,634 콜로라도스프링스
33%
769,258 리틀록
33%
739,516 델토나
33%
707,606 매디슨
33%
705,187 윈스턴세일럼
33%
661,217 위치토
33%
655,189 시라큐스
33%
620,522 더럼
33%
615,361 해리스버그
33%
601,396 털리도
33%
588,050 채터누가
33%
972,679 브릿지포트
0%
886,418 앨런타운
0%
882,652 배턴루지
0%
852,878 레이크랜드
0%
760,531 프로보
0%
711,730 커야스조엘
0%
702,209 애크런
0%
667,681 오그덴
0%
658,447 팜베이
0%
605,615 페이엇빌
0%
No matching quizzes found
Score Distribution
Percent of People with Each Score
Percentile by Number Answered
Your Score History
You have not taken this quiz